[Event "TCh-TUR Super League 2018"]
[Site "Ankara TUR"]
[Date "2018.07.26"]
[Round "2.2.2"]
[White "Kanmazalp, Ogulcan"]
[Black "Ivic, Velimir"]
[Result "1/2-1/2"]
[WhiteTitle "IM"]
[BlackTitle "IM"]
[WhiteElo "2481"]
[BlackElo "2432"]
[WhiteTeam "KAHRAMANMARAS BUYUKSEHIR BELEDIYESI GENCLIK VE SPOR KULUBU DERNEGI"]
[BlackTeam "GOKCEADA SPOR KULUBU"]
[WhiteFideId "6304990"]
[BlackFideId "950122"]
[EventDate "2018.07.25"]

1. e4 c5 2. Nf3 d6 3. Bb5+ Nd7 4. O-O a6 5. Bd3 Ngf6 6. Re1 e6 7. c3 b5 8. Bc2
c4 9. a4 Bb7 10. d4 cxd3 11. Qxd3 Nc5 12. Qe2 bxa4 13. e5 dxe5 14. Nxe5 Qd5 15.
f3 Nfd7 16. Bf4 Nxe5 17. Bxe5 Bd6 18. Bxd6 Qxd6 19. Bxa4+ Nxa4 20. Rxa4 O-O 21.
Qe5 Qxe5 22. Rxe5 Rfd8 23. Kf2 Rab8 24. Re2 Bc6 25. Ra5 Rd5 26. Rxd5 Bxd5 27.
Na3 Kf8 28. b4 Ke7 29. Ke3 g5 30. Rb2 e5 31. c4 Bc6 32. c5 Bd5 33. Kd3 g4 34.
fxg4 Rg8 35. h3 h5 36. Nc4 hxg4 37. Nxe5 gxh3 38. gxh3 Rh8 39. Kd4 Be6 40. Nc6+
Kd7 41. Ne5+ Kc7 42. Re2 Rxh3 43. Nxf7 Rh4+ 44. Kc3 Rc4+ 45. Kd3 Bxf7 46. Re7+
Kc6 47. Rxf7 Rxb4 48. Rf6+ Kxc5 49. Rxa6 1/2-1/2

[Event "TCh-TUR Super League 2018"]
[Site "Ankara TUR"]
[Date "2018.07.26"]
[Round "2.3.1"]
[White "Cheparinov, Ivan"]
[Black "Goganov, Aleksey"]
[Result "1-0"]
[WhiteTitle "GM"]
[BlackTitle "GM"]
[WhiteElo "2712"]
[BlackElo "2576"]
[WhiteTeam "TURK HAVA YOLLARI (THY) SPOR KULUBU"]
[BlackTeam "TAS DUVAR SPOR KULUBU DERNEGI"]
[WhiteFideId "2905540"]
[BlackFideId "24109959"]
[EventDate "2018.07.25"]

1. e4 c5 2. Nf3 e6 3. d4 cxd4 4. Nxd4 Nc6 5. Nc3 Qc7 6. g3 a6 7. Bg2 Nf6 8. O-O
Bc5 9. Nxc6 dxc6 10. Na4 Ba7 11. c4 e5 12. c5 Be6 13. Qc2 O-O 14. Be3 Rad8 15.
h3 Qd7 16. Rfd1 Qc8 17. Kh2 Rxd1 18. Rxd1 Rd8 19. Re1 Qd7 20. Bf1 Ne8 21. Qc3 f6
22. Qb4 Qf7 23. b3 Kh8 24. Nb2 Bb8 25. Nc4 Bxc4 26. Bxc4 Qe7 27. a3 g6 28. h4
Ng7 29. Re2 Ba7 30. Kg2 Rf8 31. Rd2 f5 32. Bg5 Qc7 33. Rd6 fxe4 34. Bf6 a5 35.
Qd2 Bxc5 36. Rd7 Qxd7 37. Qxd7 Rxf6 38. Qxb7 Rxf2+ 39. Kh3 Bxa3 40. Qb8+ Rf8 41.
Qxe5 Re8 42. Qxa5 Bf8 43. Qc3 Bd6 44. Bf7 Rf8 45. Qxc6 Be7 46. Bc4 e3 47. Qe4
Bf6 48. Qxe3 Nf5 49. Qe6 Bg7 50. b4 Nd4 51. Qd5 Nf5 52. b5 Ne3 53. Qc5 Nxc4 54.
Qxc4 Be5 55. Qe6 Bb8 56. Qe7 Kg8 57. h5 gxh5 58. Kh4 Rf5 59. Qe6+ Rf7 60. Kxh5
Bc7 61. b6 Bxb6 62. Qxb6 Rf5+ 63. Kg4 Rf7 64. Kg5 Kg7 65. Qd4+ Kg8 66. Qd8+ Rf8
67. Qd5+ Kg7 68. Qd4+ Kg8 69. g4 Rf7 70. Kh5 Rf8 71. g5 1-0

[Event "TCh-TUR Super League 2018"]
[Site "Ankara TUR"]
[Date "2018.07.26"]
[Round "2.3.2"]
[White "Triapishko, Alexandr"]
[Black "Can, Emre"]
[Result "1/2-1/2"]
[WhiteTitle "IM"]
[BlackTitle "GM"]
[WhiteElo "2509"]
[BlackElo "2605"]
[WhiteTeam "TAS DUVAR SPOR KULUBU DERNEGI"]
[BlackTeam "TURK HAVA YOLLARI (THY) SPOR KULUBU"]
[WhiteFideId "14122286"]
[BlackFideId "6302181"]
[EventDate "2018.07.25"]

1. e4 c5 2. Nf3 d6 3. d4 cxd4 4. Nxd4 Nf6 5. Nc3 a6 6. h3 e6 7. g4 Be7 8. g5
Nfd7 9. h4 b5 10. a3 Bb7 11. Be3 Nc5 12. Bg2 O-O 13. f4 Nc6 14. O-O Re8 15. Nxc6
Bxc6 16. f5 a5 17. fxe6 fxe6 18. Qg4 Bf8 19. Rad1 Nd7 20. Ne2 Ne5 21. Qg3 b4 22.
Nd4 bxa3 23. Nxc6 Nxc6 24. e5 d5 25. c4 Ne7 26. bxa3 Rc8 27. Qf2 Nf5 28. Bxd5
exd5 29. Qxf5 Rxc4 30. Qf7+ Kh8 31. Rxd5 Qc8 32. Qf5 Rg4+ 33. Kh2 Rxh4+ 34. Kg3
Qxf5 35. Rxf5 Ra4 36. Bd4 Rxa3+ 37. Kf4 Kg8 38. Rd7 Ra4 39. Ke3 Be7 40. Kd3 Rf8
41. Rxf8+ Kxf8 42. e6 Rb4 43. Ra7 Rb8 44. Rxa5 Re8 45. Ra7 Bxg5 46. Rf7+ Kg8 47.
Rxg7+ Kf8 48. Rxg5 Rxe6 49. Be5 Rg6 50. Rf5+ Ke7 51. Ke4 h6 52. Kd5 Ra6 53. Rf1
Ra5+ 54. Ke4 Ra2 55. Kf5 Ra8 56. Rc1 Rf8+ 57. Ke4 h5 58. Rc7+ Ke6 59. Rc6+ Kf7
60. Bd6 Rd8 61. Kf5 Rd7 62. Be5 Re7 63. Rh6 h4 64. Bd6 Rd7 65. Ke5 h3 66. Rh7+
Ke8 67. Rh8+ Kf7 68. Kd5 Kg6 69. Rxh3 Rf7 70. Ke4 Rf1 71. Rg3+ Kf7 72. Be5 Ke7
73. Kd5 Rd1+ 74. Bd4 Rf1 75. Ra3 Rf7 76. Ke5 Kd7 77. Bc5 Kc6 78. Ke6 Rf4 79. Bd6
Re4+ 80. Be5 Rc4 81. Ra8 Kb7 82. Rd8 Kc6 83. Rd6+ Kc5 84. Bg3 Re4+ 85. Kd7 Kc4
86. Kc6 Rg4 87. Be5 Re4 88. Rd5 Kb4 89. Bd6+ Kc3 90. Kb5 Re2 91. Bb4+ Kc2 92.
Ka4 Rg2 93. Rd4 Re2 94. Ba5 Rg2 95. Kb5 Rg5+ 96. Kb4 Re5 97. Bc7 Re3 98. Bf4
Rb3+ 99. Ka4 Rd3 100. Re4 Rc3 101. Be5 Rf3 102. Kb4 Kd3 103. Rd4+ Ke2 104. Kc4
Ra3 105. Bd6 Rf3 106. Rh4 Re3 107. Bc5 Rg3 108. Rh2+ Kf3 109. Kd3 Kf4+ 110. Kd4
Rf3 111. Bd6+ Kf5 112. Rh8 Ke6 113. Be5 Rf7 114. Ke4 Rf1 115. Rh6+ Kf7 116. Bf4
Ke7 117. Kf5 Kd7 118. Rd6+ Ke7 119. Rd2 1/2-1/2

[Event "TCh-TUR Super League 2018"]
[Site "Ankara TUR"]
[Date "2018.07.26"]
[Round "2.3.3"]
[White "Heberla, Bartlomiej"]
[Black "Selbes, Tarik"]
[Result "0-1"]
[WhiteTitle "GM"]
[BlackTitle "FM"]
[WhiteElo "2563"]
[BlackElo "2330"]
[WhiteTeam "TURK HAVA YOLLARI (THY) SPOR KULUBU"]
[BlackTeam "TAS DUVAR SPOR KULUBU DERNEGI"]
[WhiteFideId "1115120"]
[BlackFideId "6302513"]
[EventDate "2018.07.25"]

1. d4 Nf6 2. c4 g6 3. Nc3 Bg7 4. e4 O-O 5. Bd3 Nc6 6. Nge2 d6 7. O-O a6 8. f3
Nd7 9. Be3 e5 10. d5 Nd4 11. Bb1 c5 12. dxc6 bxc6 13. Nxd4 exd4 14. Bxd4 Ne5 15.
c5 Rb8 16. Na4 d5 17. exd5 cxd5 18. f4 Bg4 19. Qd2 Nc4 20. Qc3 Bxd4+ 21. Qxd4
Re8 22. Bd3 Be2 23. Rf2 Bxd3 24. Qxd3 Re3 25. Qd1 Qa5 26. Nc3 Nxb2 27. Qd4 Qxc3
28. Qxc3 Rxc3 29. Rb1 Rxc5 30. Rfxb2 Rc1+ 31. Rxc1 Rxb2 32. a3 Ra2 33. Rd1 Rxa3
34. Rxd5 Ra2 35. f5 Kg7 36. fxg6 hxg6 37. Rd6 f5 38. h4 a5 39. Kh2 Ra4 40. Kg3
Rg4+ 41. Kh3 a4 42. Ra6 Kf7 43. g3 Ke7 44. Ra5 Ke6 45. Rb5 Kd6 46. h5 Kc6 47.
Re5 gxh5 48. Rxf5 Rb4 49. Rxh5 Rb5 50. Rh6+ Kc5 51. Ra6 Kb4 52. g4 a3 53. Kh4
Ra5 54. Rb6+ Kc3 55. Rc6+ Kd2 56. Rd6+ Ke2 57. Re6+ Kf2 58. Rf6+ Kg2 0-1

[Event "TCh-TUR Super League 2018"]
[Site "Ankara TUR"]
[Date "2018.07.26"]
[Round "2.4.1"]
[White "Kravtsiv, Martyn"]
[Black "Kuzubov, Yuriy"]
[Result "1/2-1/2"]
[WhiteTitle "GM"]
[BlackTitle "GM"]
[WhiteElo "2654"]
[BlackElo "2660"]
[WhiteTeam "KARAMAN BELEDIYE SPOR KULUBU"]
[BlackTeam "TARSUS ZEKA SATRANC KULUBU"]
[WhiteFideId "14113147"]
[BlackFideId "14112906"]
[EventDate "2018.07.25"]

1. d4 Nf6 2. Bf4 d5 3. Nf3 e6 4. e3 c5 5. Nbd2 Nc6 6. c3 Nh5 7. Bg5 Qb6 8. Qb3
h6 9. Bh4 g5 10. Bg3 Nxg3 11. hxg3 Bg7 12. Qa3 cxd4 13. Nxd4 Bd7 14. Qb3 Qxb3
15. axb3 Ke7 16. b4 Bxd4 17. exd4 a5 18. bxa5 Nxa5 19. Rc1 f6 20. Be2 Nc6 21.
Nb3 Be8 22. Kd2 Ra2 23. Rb1 e5 24. Nc1 Ra8 25. Nb3 Ra2 26. Nc1 Ra8 27. Nb3 Ra2 1/2-1/2

[Event "TCh-TUR Super League 2018"]
[Site "Ankara TUR"]
[Date "2018.07.26"]
[Round "2.4.2"]
[White "Mchedlishvili, Mikheil"]
[Black "Baryshpolets, Andrey"]
[Result "1/2-1/2"]
[WhiteTitle "GM"]
[BlackTitle "GM"]
[WhiteElo "2608"]
[BlackElo "2603"]
[WhiteTeam "TARSUS ZEKA SATRANC KULUBU"]
[BlackTeam "KARAMAN BELEDIYE SPOR KULUBU"]
[WhiteFideId "13600966"]
[BlackFideId "14117207"]
[EventDate "2018.07.25"]

1. d4 d5 2. c4 e6 3. Nc3 Be7 4. cxd5 exd5 5. Bf4 c6 6. e3 Bf5 7. g4 Be6 8. Qb3
b5 9. Qd1 Nd7 10. Bd3 a6 11. h3 c5 12. dxc5 Nxc5 13. Nf3 Nf6 14. Nd4 Rc8 15. O-O
O-O 16. Rc1 Nxd3 17. Qxd3 Nd7 18. Nce2 Nc5 19. Qb1 Qb6 20. f3 Bf6 21. Bg3 b4 22.
Rfd1 g6 23. Kg2 Bg7 24. b3 Bd7 25. Nf4 Qb7 26. Nd3 Nxd3 27. Qxd3 Qb6 28. Qd2
Rfe8 29. Rxc8 Rxc8 30. Bf2 Qb7 31. Rc1 a5 32. Bg3 Qb6 33. Rxc8+ Bxc8 34. Qc2 Bd7
35. Qc7 Qxc7 36. Bxc7 Bxd4 37. exd4 a4 38. Bd6 axb3 39. axb3 Bb5 40. Bxb4 f6 1/2-1/2

[Event "TCh-TUR Super League 2018"]
[Site "Ankara TUR"]
[Date "2018.07.26"]
[Round "2.4.4"]
[White "Kinsiz, Onur"]
[Black "Ertan, Can"]
[Result "1-0"]
[BlackTitle "FM"]
[WhiteElo "2204"]
[BlackElo "2379"]
[WhiteTeam "TARSUS ZEKA SATRANC KULUBU"]
[BlackTeam "KARAMAN BELEDIYE SPOR KULUBU"]
[WhiteFideId "6301517"]
[BlackFideId "6306330"]
[EventDate "2018.07.25"]

1. e4 e5 2. Nf3 Nc6 3. Bc4 Bc5 4. c3 Nf6 5. d4 exd4 6. e5 d5 7. Bb5 Ne4 8. cxd4
Bb4+ 9. Bd2 Nxd2 10. Bxc6+ bxc6 11. Nbxd2 O-O 12. O-O Bg4 13. h3 Bh5 14. Qa4 c5
15. Rac1 Rb8 16. dxc5 Qe7 17. a3 Bxd2 18. Nxd2 Qxe5 19. b4 a5 20. bxa5 Qb2 21.
Qf4 Ra8 22. Nf3 Qxa3 23. Nd4 Qxa5 24. Nc6 Qa2 25. Qxc7 Qd2 26. Qe5 Be2 27. Rfe1
Bc4 28. Red1 Qh6 29. Ne7+ Kh8 30. Nxd5 Bb3 31. Re1 f6 32. Qf5 Rae8 33. Nb6 Qd2
34. Qb1 Re5 35. c6 Bc2 36. Qa1 Rf5 37. Rf1 Rg5 38. Qa3 Re8 39. c7 Be4 40. g3 Bd3
41. c8=Q Rxg3+ 42. Kh2 Re3 43. Qf8+ 1-0

[Event "TCh-TUR Super League 2018"]
[Site "Ankara TUR"]
[Date "2018.07.26"]
[Round "2.5.1"]
[White "Rakhmanov, Aleksandr"]
[Black "Nihal, Sarin"]
[Result "1/2-1/2"]
[WhiteTitle "GM"]
[BlackTitle "IM"]
[WhiteElo "2627"]
[BlackElo "2551"]
[WhiteTeam "ROTA KOLEJI SPOR KULUBU DERNEGI"]
[BlackTeam "GENC AKADEMISYENLER EGITIM KULTUR VE ARASTIRMA KULUBU"]
[WhiteFideId "4173708"]
[BlackFideId "25092340"]
[EventDate "2018.07.25"]

1. d4 Nf6 2. c4 e6 3. Nc3 Bb4 4. e3 O-O 5. Nf3 c5 6. Bd3 d5 7. cxd5 cxd4 8. exd4
Nxd5 9. Qc2 h6 10. O-O Nc6 11. a3 Bd6 12. Re1 Nce7 13. Qe2 Nf6 14. Ne4 Nf5 15.
Nxd6 Qxd6 16. Bd2 a5 17. Qe5 Qxe5 18. dxe5 Nd5 19. Rac1 b6 20. Be4 Nfe7 21. Nd4
Bd7 22. h4 Rfc8 23. h5 Rxc1 24. Rxc1 Rd8 25. Bf3 Kf8 26. Kh2 Rc8 27. Rxc8+ Bxc8
28. g4 Bd7 29. Kg3 Nc6 30. Nxc6 Bxc6 31. Be2 f6 32. exf6 Nxf6 33. Be3 Nd5 34.
Bd4 a4 35. Be5 Kf7 36. Bd3 b5 37. Bd4 Kg8 38. Bc2 b4 39. Bd3 bxa3 40. bxa3 Bd7
41. Bc5 Nf6 42. f3 Bc6 43. Bd6 Nd7 44. Kf2 Kf7 45. Ke3 e5 46. Bc7 Ke7 47. Bg6
Bd5 48. Bf5 Bc6 49. Bg6 Bd5 50. Ba5 Bc6 51. Bb4+ Ke6 52. Bf5+ Kf7 53. Bg6+ Ke6
54. f4 exf4+ 55. Kxf4 Nf6 56. Bf8 Nd5+ 57. Kg3 Ne7 58. Bxg7 Nxg6 1/2-1/2

[Event "TCh-TUR Super League 2018"]
[Site "Ankara TUR"]
[Date "2018.07.26"]
[Round "2.5.4"]
[White "Gok, Fatih"]
[Black "Keler, Faruk"]
[Result "0-1"]
[BlackTitle "FM"]
[WhiteElo "1952"]
[BlackElo "2286"]
[WhiteTeam "GENC AKADEMISYENLER EGITIM KULTUR VE ARASTIRMA KULUBU"]
[BlackTeam "ROTA KOLEJI SPOR KULUBU DERNEGI"]
[WhiteFideId "6356591"]
[BlackFideId "6302734"]
[EventDate "2018.07.25"]

1. d4 d5 2. c4 e6 3. Nf3 Nf6 4. Nc3 a6 5. Bg5 Be7 6. e3 O-O 7. Rc1 Nbd7 8. a4 c6
9. Bd3 dxc4 10. Bxc4 b5 11. Bd3 bxa4 12. Nxa4 Qa5+ 13. Nc3 c5 14. O-O cxd4 15.
Ra1 Qb4 16. Nxd4 Bb7 17. Qb3 Rfb8 18. Qc2 h6 19. Bh4 Nc5 20. Be2 Rc8 21. f3 g6
22. Be1 Qb6 23. Na4 Nxa4 24. Qxa4 e5 25. Ba5 Qc5 26. b4 Qa7 27. Nc2 Nd5 28. Rfe1
Rxc2 29. Qxc2 Nxe3 30. Qc7 Nd5+ 31. Bb6 Qxb6+ 32. Qxb6 Nxb6 33. Reb1 Nd5 34. b5
Nc3 35. Rb2 Nxe2+ 36. Rxe2 Bc5+ 37. Kh1 Bd4 38. bxa6 Rxa6 39. Rb1 Bd5 40. h4 Kg7
41. Rd1 Ra1 42. Rd2 Rxd1+ 43. Rxd1 g5 44. hxg5 hxg5 45. Kh2 f5 46. Kg3 Kf6 47.
Rh1 e4 48. fxe4 fxe4 49. Rh8 e3 50. Rf8+ Ke7 0-1

[Event "TCh-TUR Super League 2018"]
[Site "Ankara TUR"]
[Date "2018.07.26"]
[Round "2.5.5"]
[White "Nechaeva, Marina"]
[Black "Mamedjarova, Zeinab"]
[Result "1-0"]
[WhiteTitle "IM"]
[BlackTitle "WGM"]
[WhiteElo "2410"]
[BlackElo "2345"]
[WhiteTeam "ROTA KOLEJI SPOR KULUBU DERNEGI"]
[BlackTeam "GENC AKADEMISYENLER EGITIM KULTUR VE ARASTIRMA KULUBU"]
[WhiteFideId "4149351"]
[BlackFideId "13401521"]
[EventDate "2018.07.25"]

1. d4 d5 2. c4 e6 3. Nc3 f5 4. Bf4 c6 5. e3 Nf6 6. Bd3 Be7 7. h3 O-O 8. Nf3 Bd6
9. Ne5 Qe7 10. O-O Nbd7 11. Rc1 Bxe5 12. dxe5 Ne4 13. Ne2 a5 14. Nd4 Nb6 15.
cxd5 exd5 16. Qc2 g6 17. f3 Ng5 18. Qb3 Nd7 19. Qa3 Qxa3 20. bxa3 h6 21. h4 Nh7
22. Bxh6 Nxe5 23. Bxf8 Kxf8 24. Bb1 Nf6 25. e4 fxe4 26. fxe4 Ke7 27. exd5 Nxd5
28. Rce1 Kd6 29. Rf8 Ne7 30. Rd8+ Nd7 31. Re8 Nd5 32. Bxg6 N7f6 33. Rf8 c5 34.
Nb5+ Kc6 35. Rxc8+ Rxc8 36. Na7+ Kc7 37. Nxc8 Kxc8 38. h5 Kc7 39. h6 b5 40. h7
Nxh7 41. Bxh7 c4 42. g4 Nf4 43. Kf2 Kd6 44. Bf5 b4 45. axb4 axb4 46. g5 1-0

[Event "TCh-TUR Super League 2018"]
[Site "Ankara TUR"]
[Date "2018.07.26"]
[Round "2.5.7"]
[White "Kara, Yanki"]
[Black "Bozbey, Ali"]
[Result "0-1"]
[WhiteElo "2120"]
[BlackElo "2126"]
[WhiteTeam "ROTA KOLEJI SPOR KULUBU DERNEGI"]
[BlackTeam "GENC AKADEMISYENLER EGITIM KULTUR VE ARASTIRMA KULUBU"]
[WhiteFideId "6370306"]
[BlackFideId "6347380"]
[EventDate "2018.07.25"]

1. d4 Nf6 2. Bg5 Ne4 3. Bf4 d5 4. f3 Nf6 5. Nc3 e6 6. e4 Bb4 7. Bd3 c5 8. dxc5
O-O 9. Bd6 Re8 10. Ne2 b6 11. e5 Nfd7 12. cxb6 Bxd6 13. exd6 Qxb6 14. Nb5 Na6
15. a4 Ne5 16. Nec3 Bd7 17. Qe2 Nxd3+ 18. Qxd3 Nb4 19. Qd2 Rec8 20. Qf2 d4 21.
a5 Qc5 22. Nc7 Rxc7 23. dxc7 Qxc7 24. Ra3 dxc3 25. Rxc3 Qe5+ 26. Qe2 Qxa5 27.
O-O Nd5 28. Ra3 Qb6+ 29. Qf2 Qxf2+ 30. Kxf2 a5 31. b3 a4 32. bxa4 Rxa4 33. Rfa1
Rxa3 34. Rxa3 Kf8 35. c4 Nb4 36. Ra8+ Ke7 37. Ke3 e5 38. g4 Nc2+ 39. Kd3 Ne1+
40. Ke2 Nxf3 41. Ra7 Nxh2 42. c5 Kd8 43. c6 Bxg4+ 44. Ke3 Be6 45. Kd3 Nf3 46.
Ke4 Nd4 47. Ra8+ Kc7 48. Kxe5 Nxc6+ 49. Ke4 Kd6 50. Rh8 h6 51. Rh7 Bd5+ 52. Ke3
Ne7 53. Rh8 Ke6 54. Rb8 0-1

[Event "TCh-TUR Super League 2018"]
[Site "Ankara TUR"]
[Date "2018.07.26"]
[Round "2.6.1"]
[White "Zubov, Alexander"]
[Black "Mamedov, Rauf"]
[Result "1/2-1/2"]
[WhiteTitle "GM"]
[BlackTitle "GM"]
[WhiteElo "2611"]
[BlackElo "2708"]
[WhiteTeam "DARUSSAFAKA SPOR KULUBU"]
[BlackTeam "BESIKTAS JIMNASTIK KULUBU"]
[WhiteFideId "14109409"]
[BlackFideId "13401653"]
[EventDate "2018.07.25"]

1. d4 d5 2. c4 c6 3. Nf3 Nf6 4. e3 Bf5 5. Nc3 a6 6. Ne5 Nbd7 7. Qb3 Qc7 8. cxd5
Nxe5 9. dxe5 Nxd5 10. Nxd5 cxd5 11. Bd2 Qxe5 12. Qxb7 Rb8 13. Qc6+ Bd7 14. Qc3
Qd6 15. b3 e6 16. Bd3 Rc8 17. Qa5 Qb8 18. O-O Bd6 19. h3 Bb5 20. Bxb5+ Qxb5 21.
Qxb5+ axb5 22. a4 bxa4 23. Rxa4 Kd7 24. Rb1 Rc7 25. e4 Rb8 26. exd5 exd5 27. Kf1
Rcb7 28. Rd4 Rxb3 29. Rxb3 Rxb3 30. Rxd5 Ke6 1/2-1/2

[Event "TCh-TUR Super League 2018"]
[Site "Ankara TUR"]
[Date "2018.07.26"]
[Round "2.6.2"]
[White "Safarli, Eltaj"]
[Black "Erturan, Yakup"]
[Result "1-0"]
[WhiteTitle "GM"]
[BlackTitle "IM"]
[WhiteElo "2667"]
[BlackElo "2378"]
[WhiteTeam "BESIKTAS JIMNASTIK KULUBU"]
[BlackTeam "DARUSSAFAKA SPOR KULUBU"]
[WhiteFideId "13402129"]
[BlackFideId "6301410"]
[EventDate "2018.07.25"]

1. e4 c5 2. Nf3 Nc6 3. Bb5 e6 4. O-O Nge7 5. d4 cxd4 6. Nxd4 Qc7 7. Nc3 a6 8.
Be3 Ng6 9. Be2 Be7 10. f4 O-O 11. Nb3 b5 12. Qe1 Bb7 13. Rd1 d6 14. Qf2 Rae8 15.
Rd2 Nb8 16. a3 Nd7 17. Rfd1 Rc8 18. g3 Qb8 19. e5 d5 20. Bd4 Qc7 21. h4 Rfe8 22.
h5 Ngf8 23. Bd3 Nc5 24. Nxc5 Bxc5 25. Bxc5 Qxc5 26. Qxc5 Rxc5 27. Ne2 Nd7 28.
Nd4 Rc7 29. g4 Nc5 30. g5 g6 31. Kf2 Kf8 32. Ke3 Ke7 33. Rh2 Rec8 34. c3 Nd7 35.
Rdh1 Nf8 36. hxg6 hxg6 37. Rh8 Bc6 38. Rg8 Bd7 39. Rhh8 Rb7 40. Bxg6 fxg6 41.
Rg7+ Ke8 42. Nxe6 Bxe6 43. Rxb7 Rd8 44. Rb6 Kf7 45. Rxa6 Re8 46. Ra7+ Re7 47.
Ra8 Re8 48. Rxe8 Kxe8 49. Kd4 Ke7 50. Kc5 Bg4 51. Kxb5 Bd7+ 52. Kb6 Ne6 53. Rh7+
Ke8 54. Rh4 d4 55. cxd4 Nxd4 56. Kc5 1-0

[Event "TCh-TUR Super League 2018"]
[Site "Ankara TUR"]
[Date "2018.07.26"]
[Round "2.6.3"]
[White "Asadli, Vugar"]
[Black "Sanal, Vahap"]
[Result "1/2-1/2"]
[WhiteTitle "IM"]
[BlackTitle "GM"]
[WhiteElo "2478"]
[BlackElo "2515"]
[WhiteTeam "DARUSSAFAKA SPOR KULUBU"]
[BlackTeam "BESIKTAS JIMNASTIK KULUBU"]
[WhiteFideId "13405764"]
[BlackFideId "6300545"]
[EventDate "2018.07.25"]

1. e4 e5 2. Nf3 Nc6 3. Bb5 a6 4. Ba4 Nf6 5. O-O Be7 6. Re1 b5 7. Bb3 d6 8. c3
O-O 9. h3 Nb8 10. d4 Nbd7 11. Nbd2 c5 12. Bc2 Re8 13. d5 Qc7 14. b3 g6 15. a4
Rb8 16. Nf1 Bf8 17. Ng3 Bg7 18. Be3 bxa4 19. Rxa4 Nb6 20. Ra2 a5 21. Bd3 Bd7 22.
c4 Ra8 23. Qc2 a4 24. Rea1 axb3 25. Qxb3 Reb8 26. Rxa8 Rxa8 27. Rb1 Na4 28. Bc2
Ne8 29. Bd2 Bf6 30. Qb7 Ra7 31. Qxc7 Nxc7 32. Nf1 Bd8 33. Ne1 Na6 34. Ra1 Nb6
35. Ne3 Ra8 36. Nd3 f5 37. Nb2 f4 38. Ned1 Kf7 39. Nc3 g5 40. Bd1 Ke7 41. Kf1
Be8 42. g3 h6 43. Be2 Nb4 44. Rxa8 Nxa8 45. Bd1 Nb6 46. g4 Bd7 47. Ke2 Bc8 1/2-1/2

[Event "TCh-TUR Super League 2018"]
[Site "Ankara TUR"]
[Date "2018.07.27"]
[Round "3.2.1"]
[White "Kuzubov, Yuriy"]
[Black "Rakhmanov, Aleksandr"]
[Result "1/2-1/2"]
[WhiteTitle "GM"]
[BlackTitle "GM"]
[WhiteElo "2660"]
[BlackElo "2627"]
[WhiteTeam "TARSUS ZEKA SATRANC KULUBU"]
[BlackTeam "ROTA KOLEJI SPOR KULUBU DERNEGI"]
[WhiteFideId "14112906"]
[BlackFideId "4173708"]
[EventDate "2018.07.25"]

1. e4 e5 2. Nf3 Nf6 3. d4 Nxe4 4. Bd3 d5 5. Nxe5 Nd7 6. Nxd7 Bxd7 7. O-O Be7 8.
c4 Nf6 9. Nc3 dxc4 10. Bxc4 O-O 11. Re1 c6 12. h3 Bf5 13. Bf4 Bb4 14. a3 Bxc3
15. bxc3 Nd5 16. Be5 Qd7 17. Qf3 Bg6 18. Bb3 b5 19. a4 a6 20. axb5 axb5 21. Qg3
Qf5 22. Rxa8 Rxa8 23. Bxd5 cxd5 24. Bd6 h5 25. Qe5 Qxe5 26. Rxe5 f6 27. Re1 h4
28. Re2 Bd3 29. Re3 Be4 30. f3 Bf5 1/2-1/2

[Event "TCh-TUR Super League 2018"]
[Site "Ankara TUR"]
[Date "2018.07.27"]
[Round "3.2.5"]
[White "Szczepkowska, Karina"]
[Black "Nechaeva, Marina"]
[Result "1-0"]
[WhiteTitle "IM"]
[BlackTitle "IM"]
[WhiteElo "2396"]
[BlackElo "2410"]
[WhiteTeam "TARSUS ZEKA SATRANC KULUBU"]
[BlackTeam "ROTA KOLEJI SPOR KULUBU DERNEGI"]
[WhiteFideId "1122681"]
[BlackFideId "4149351"]
[EventDate "2018.07.25"]

1. d4 Nf6 2. c4 g6 3. Nf3 Bg7 4. g3 O-O 5. Bg2 d6 6. O-O Nbd7 7. Nc3 e5 8. h3 c6
9. e4 Re8 10. Be3 exd4 11. Nxd4 Nc5 12. Qc2 a5 13. Rad1 Nfd7 14. b3 Qb6 15. Nde2
Qb4 16. Bd2 Qb6 17. Be3 Qb4 18. Bd2 Qb6 19. Kh2 Ne5 20. f4 Ned7 21. Be1 Bf8 22.
Rb1 Nf6 23. Rd1 Qc7 24. Bf2 Ne6 25. Qd2 h5 26. f5 gxf5 27. exf5 Ng7 28. Bd4 Nh7
29. Qd3 f6 30. Kh1 Re7 31. g4 hxg4 32. hxg4 Ne8 33. Ne4 Bh6 34. N2g3 Rg7 35. Nf2
Bd7 36. Rfe1 Rf7 37. Re2 Bf4 38. Nh5 Be5 39. Bxe5 dxe5 40. Ne4 c5 41. Qe3 Rc8
42. Nc3 b6 43. Nd5 Qb8 44. Qh6 Rc6 45. Kg1 Rd6 46. Red2 Kh8 47. Qg6 Rf8 48. Ne7
Rxd2 49. Rxd2 Qc7 50. Qh6 Rf7 51. Ng6+ Kg8 52. Bd5 Bc6 53. Bxf7+ Qxf7 54. Rd8 b5
55. Nxe5 Qe7 56. Qg7+ 1-0

[Event "TCh-TUR Super League 2018"]
[Site "Ankara TUR"]
[Date "2018.07.27"]
[Round "3.2.6"]
[White "Kilic, Efe Mert"]
[Black "Gulden, Egemen"]
[Result "0-1"]
[WhiteTitle "FM"]
[BlackTitle "CM"]
[WhiteElo "2317"]
[BlackElo "2085"]
[WhiteTeam "ROTA KOLEJI SPOR KULUBU DERNEGI"]
[BlackTeam "TARSUS ZEKA SATRANC KULUBU"]
[WhiteFideId "6354327"]
[BlackFideId "6324983"]
[EventDate "2018.07.25"]

1. e4 c5 2. Nf3 d6 3. d4 cxd4 4. Nxd4 Nf6 5. Nc3 a6 6. Bg5 e6 7. f4 Qb6 8. Nb3
Nbd7 9. Qf3 Be7 10. O-O-O Qc7 11. g4 b5 12. a3 Bb7 13. Bg2 Rc8 14. Qe2 h6 15.
Bh4 Nxe4 16. Bxe4 Bxh4 17. Bxb7 Qxb7 18. g5 Rxc3 19. bxc3 hxg5 20. Nd4 Qd5 21.
Qf3 Qxf3 22. Nxf3 d5 23. fxg5 Ke7 24. Rdf1 f6 25. Rhg1 Rh5 26. Rg4 Bxg5+ 27.
Nxg5 fxg5 28. Kb2 Ne5 29. Rg2 Nc4+ 30. Kb3 Ne3 31. Rff2 Nxg2 32. Rxg2 Kf6 33.
Kb4 Rh4+ 34. Kc5 Rc4+ 35. Kd6 Rxc3 36. Rf2+ Kg6 37. Kxe6 Rxa3 38. Kxd5 Rc3 39.
Re2 Kh5 40. Ke6 b4 41. Kf7 Rc7+ 42. Ke6 a5 43. Kf5 Rc5+ 44. Ke6 a4 45. Kd6 Rc3
46. Re4 Rxc2 47. Rxb4 a3 48. Ra4 Rxh2 49. Rxa3 Re2 50. Rh3+ Kg6 51. Rg3 Re4 52.
Kd5 Ra4 53. Ke5 g4 54. Rg1 0-1

[Event "TCh-TUR Super League 2018"]
[Site "Ankara TUR"]
[Date "2018.07.27"]
[Round "3.3.1"]
[White "Goganov, Aleksey"]
[Black "Kravtsiv, Martyn"]
[Result "1/2-1/2"]
[WhiteTitle "GM"]
[BlackTitle "GM"]
[WhiteElo "2576"]
[BlackElo "2654"]
[WhiteTeam "TAS DUVAR SPOR KULUBU DERNEGI"]
[BlackTeam "KARAMAN BELEDIYE SPOR KULUBU"]
[WhiteFideId "24109959"]
[BlackFideId "14113147"]
[EventDate "2018.07.25"]

1. c4 Nf6 2. Nc3 e5 3. Nf3 Nc6 4. g3 d5 5. cxd5 Nxd5 6. Bg2 Nb6 7. O-O Be7 8. a3
a5 9. d3 O-O 10. Be3 Be6 11. Rc1 a4 12. Bxb6 cxb6 13. e3 b5 14. Nxb5 Qb6 15. Nc3
Qxb2 16. Nxa4 Qxa3 17. Nc3 Rfd8 18. Qe2 Bb4 19. Nb5 Qa5 20. d4 Bg4 21. h3 Bxf3
22. Bxf3 exd4 23. Nxd4 Nxd4 24. exd4 Rxd4 25. Bxb7 Rb8 26. Rc8+ Rxc8 27. Bxc8
Rd8 28. Bb7 g6 29. Rd1 Rxd1+ 30. Qxd1 Qe5 1/2-1/2